Road safety education, 1991-1994.

Bibliographic Details
Corporate Author: TRL Library Services
Format: Book
Language:English
Published: Crowthorne, Berkshire : Library Services, Transport Research Laboratory, [1994?]
Series:Current topics in transport ; no. 78.
Subjects:

MARC

Tag First Indicator Second Indicator Subfields
LEADER 00000cam a2200000 a 4500
001 in00001404700
005 20151020062056.0
008 980320s1994 enk a f000 0 eng d
035 |a (OCoLC)38762529 
035 |9 AHP0666AM 
040 |a TXA  |c TXA  |d UtOrBLW 
049 |a TXAM 
090 |a TA1057.A1  |b T78 no. 78 
245 0 0 |a Road safety education, 1991-1994. 
264 1 |a Crowthorne, Berkshire :  |b Library Services, Transport Research Laboratory,  |c [1994?] 
300 |a 32 pages ;  |c 30 cm. 
336 |a text  |b txt  |2 rdacontent 
337 |a unmediated  |b n  |2 rdamedia 
338 |a volume  |b nc  |2 rdacarrier 
490 1 |a Current topics in transport ;  |v no. 78 
500 |a "November, 1994." 
500 |a "A selection of abstracts recently added to the TRL Library Database." 
650 0 |a Traffic safety  |x Study and teaching  |x Abstracts. 
710 2 |a TRL Library Services. 
830 0 |a Current topics in transport ;  |v no. 78. 
948 |a o:jls 
999 |a MARS 
999 f f |s d1fa5f08-08a0-32b7-a920-d7024d64e4e1  |i 5cc214d2-0d5b-338e-8522-93b86dbf19bf  |t 0 
952 f f |p ric  |a Texas A&M University  |b Rellis Campus  |c Joint Library Facility  |d Remote Storage  |t 0  |e TA1057.A1 T78 no.78  |h Library of Congress classification  |i unmediated -- volume  |m A14822155624 
998 f f |a TA1057.A1 T78 no.78  |t 0  |l Remote Storage